000 00619nam a2200229Ia 4500
003 OSt
005 20220925231546.0
006 a|||||r|||| 00| 0
007 ta
008 220923b |||||||| |||| 00| 0 eng d
037 _cGeneral Book
040 _aRTL
_cRTL
_beng
041 _2eng
_aeng
082 _aX:8, K8
100 _aHumble John W.
_9125876
245 0 _aImproving business results
260 _aMaidenhead
_bMegrawhill
_c1968
300 _a193p. Appendix p.175-87
_ccm.
650 _aManagement
_930681
942 _hX:8, K8
_cGB
_2CC
999 _c588850
_d588850